00372 2200157 4500245004400000020001800044250001100062100001700073650001600090005001900106260003100125041001400156084000800170300002700178336000900205 aWow ! I'm in Love !cKezia MamotohText a979-24-4890-X aCet. 1 aKezia Mamoto aNovel Fiksi a20230110092115 aJakartabPuspa Swarac2006 aIndonesia a813 avi, 146 hlm. :c19 cm. atext